Variations on a theme (Record no. 65006)
[ view plain ]
| 000 -LEADER | |
|---|---|
| fixed length control field | 01003cam a2200229 4500 |
| 001 - CONTROL NUMBER | |
| control field | ABS62944 |
| 008 - FIXED-LENGTH DATA ELEMENTS--GENERAL INFORMATION | |
| fixed length control field | 000000n2000 000 0 eng u |
| 035 ## - SYSTEM CONTROL NUMBER | |
| System control number | (Sirsi) u108888 |
| 100 ## - MAIN ENTRY--PERSONAL NAME | |
| Personal name | Redmond, J. |
| 245 ## - TITLE STATEMENT | |
| Title | Variations on a theme |
| 260 ## - PUBLICATION, DISTRIBUTION, ETC. | |
| Date of publication, distribution, etc. | 2000 |
| 490 ## - SERIES STATEMENT | |
| Series statement | Building |
| Volume/sequential designation | 265(8156) 6 October 2000, 86(1) |
| 520 ## - SUMMARY, ETC. | |
| Summary, etc. | Considers the impact of the recent ruling in "Weldon Plant Ltd v Commission for the New Towns", on how to value variations under clause 52 of the ICE form of contract. Suggests that: if a bill rate can be applied it should be, even if it is wrong; if a bill rate cannot be applied, a fair rate should be inferred; it should take account of profit and overheads. |
| 590 ## - LOCAL NOTE (RLIN) | |
| Local note | ABS |
| 650 ## - SUBJECT ADDED ENTRY--TOPICAL TERM | |
| Topical term or geographic name entry element | BILL RATES |
| 650 ## - SUBJECT ADDED ENTRY--TOPICAL TERM | |
| Topical term or geographic name entry element | ICE FORMS OF CONTRACT |
| 650 ## - SUBJECT ADDED ENTRY--TOPICAL TERM | |
| Topical term or geographic name entry element | WELDON PLANT LTD V COMMISSION FOR THE NEW TOWNS |
| 650 ## - SUBJECT ADDED ENTRY--TOPICAL TERM | |
| Topical term or geographic name entry element | HENRY BOOT CONSTRUCTION V ALSTOM COMBINED CYCLES |
| 650 ## - SUBJECT ADDED ENTRY--TOPICAL TERM | |
| Topical term or geographic name entry element | VARIATIONS |
| 690 ## - LOCAL SUBJECT ADDED ENTRY--TOPICAL TERM (OCLC, RLIN) | |
| Topical term or geographic name as entry element | BUILT ENVIRONMENT-BUILDING CONTRACT FORMS |
| 942 ## - ADDED ENTRY ELEMENTS (KOHA) | |
| Suppress in OPAC | 0 |
| Withdrawn status | Lost status | Source of classification or shelving scheme | Damaged status | Not for loan | Home library | Current library | Shelving location | Date acquired | Total Checkouts | Full call number | Barcode | Date last seen | Copy number | Price effective from | Koha item type |
|---|---|---|---|---|---|---|---|---|---|---|---|---|---|---|---|
| Dewey Decimal Classification | London | London | Journal article | 20/10/2000 | ABS62944 | 108888-1001 | 06/08/2019 | 1 | 06/08/2019 | Journal article |